ENVIRONMENTAL BIOLOGY (Record no. 215806)

MARC details
000 -LEADER
fixed length control field 00317nam a2200133Ia 4500
008 - FIXED-LENGTH DATA ELEMENTS--GENERAL INFORMATION
fixed length control field 230704s9999 xx 000 0 und d
020 ## - INTERNATIONAL STANDARD BOOK NUMBER
International Standard Book Number 9789374734711
100 ## - MAIN ENTRY--PERSONAL NAME
Personal name DAS, P.C.
245 #0 - TITLE STATEMENT
Title ENVIRONMENTAL BIOLOGY
260 ## - PUBLICATION, DISTRIBUTION, ETC.
Name of publisher, distributor, etc. AITBS PUBLISHERS, INDIA
Date of publication, distribution, etc. 2021
300 ## - PHYSICAL DESCRIPTION
Extent 231
650 ## - SUBJECT ADDED ENTRY--TOPICAL TERM
Topical term or geographic name entry element Environment
942 ## - ADDED ENTRY ELEMENTS (KOHA)
Koha item type Book
Holdings
Withdrawn status Lost status Source of classification or shelving scheme Damaged status Not for loan Home library Current library Shelving location Date acquired Total Checkouts Barcode Date last seen Price effective from Koha item type Public note
    Dewey Decimal Classification     Mewar University Central Library Mewar University Central Library Basic Science 15/05/2023   BS539 12/07/2023 12/07/2023 Book Science R-18 S-3
    Dewey Decimal Classification     Mewar University Central Library Mewar University Central Library Basic Science 15/05/2023   BS540 12/07/2023 12/07/2023 Book Science R-18 S-3
    Dewey Decimal Classification     Mewar University Central Library Mewar University Central Library Basic Science 15/05/2023   BS541 12/07/2023 12/07/2023 Book Science R-18 S-3
    Dewey Decimal Classification     Mewar University Central Library Mewar University Central Library Basic Science 15/05/2023   BS542 12/07/2023 12/07/2023 Book Science R-18 S-3
    Dewey Decimal Classification     Mewar University Central Library Mewar University Central Library Basic Science 15/05/2023   BS543 12/07/2023 12/07/2023 Book Science R-18 S-3